00449 a2200205 4500260001000000630002300010650003900033100002200072260001200094300001300106245002000119650001400139650002600153260000900179300001000188100000700198037001000205037001000215020001800225 aParis a51 - Mathematiques a5 - SCIENCES EXACTES ET NATURELLES aSchwartz, Laurent bHermann aMultiple aCours d'analyse aAlgèbre aCalcul différentiel c1967 b24 cm lFr aS1384 aS0877 a2-7056-5764-9